Baltazár lakomája. Szigorú visszapillantás a történelmi Magyarországra

Elmentve itt :
Bibliográfiai részletek
Szerző: SZEGEDY-MASZÁK Mihály
Adatforrás:Meister
Forrásdokumentuma:Helikon. -
24 ; 25 ; 26 sz., 1993, 2-3 ; 2-3 ; 18-19 p.
Nyelv:magyar
Kulcsszavak:irodalomtörténet
BÁNFFY Miklós
LEADER 00445nab a2200133 i 4500
001 bibPRO00009065
008 060524s1993 xx hun
040 |a Sz1 
041 |a hun 
100 2 |a SZEGEDY-MASZÁK Mihály 
245 1 0 |a Baltazár lakomája. Szigorú visszapillantás a történelmi Magyarországra  |c SZEGEDY-MASZÁK Mihály 
695 |a irodalomtörténet 
695 |a BÁNFFY Miklós 
773 0 |t Helikon. -  |g 24 ; 25 ; 26 sz., 1993, 2-3 ; 2-3 ; 18-19 p.